| 000 | 00415nam a22001217a 4500 | ||
|---|---|---|---|
| 082 | _aPRO 220 | ||
| 100 |
_aPC Haroon Iqbal. NS Hafiz Tahir Idrees. NS Raja M. Ahsan Hayat. _970862 |
||
| 245 | _aPR-SOF-1548-Low Cost Automated Monitoring System for MPLS Based ISP | ||
| 260 |
_aISLAMABAD _bNUST COLLEGE OF EME _c2016 |
||
| 650 |
_a DE-COMP-34 _970863 |
||
| 700 |
_aSUPERVISOR Dr. Moazzum A. Khan _970864 |
||
| 942 | _cCR | ||
| 999 |
_c577690 _d577690 |
||